000 00373nam a2200133Ia 4500
008 220803s9999 xx 000 0 und d
020 _a9789381444061
041 _aeng
082 _a711.4 URB
100 _aJoshi P & Vora A
_929708
245 _aUrban Design Research Institute .-9789381444061
260 _b"Urban Design Research Institute, Mumbai"
_c2014
300 _a484p
999 _c18573
_d18573